|
|
|
|
| LEADER |
00584nam a2200181Ia 4500 |
| 008 |
140316s9999 xx 000 0 und d |
| 020 |
|
|
|a 9788182650503
|
| 082 |
|
|
|a 813.1
|b LIZ/MU
|
| 100 |
|
|
|a Lizy
|
| 245 |
|
|
|a Mumbai : Novel
|
| 260 |
|
|
|a Kozhikode
|b The Mathrubhumi Printing & Publishing Books
|c 2006
|
| 300 |
|
|
|a 120
|
| 650 |
|
|
|a Malayalam Novel
|
| 650 |
|
|
|a Novel
|
| 700 |
|
|
|a Lizy
|
| 942 |
|
|
|2 ddc
|c BK
|
| 999 |
|
|
|c 10275
|d 10275
|
| 952 |
|
|
|0 0
|1 0
|2 ddc
|4 0
|6 813_100000000000000_LIZMU
|7 0
|9 11479
|a KAUCLV
|b KAUCLV
|c GENERAL
|d 2014-03-18
|l 2
|o 813.1 LIZ/MU
|p 218900
|r 2020-03-03
|s 2020-02-13
|w 2014-03-18
|y BK
|